| 000 | 01062nam a22002897a 4500 | ||
|---|---|---|---|
| 005 | 20240530110430.0 | ||
| 008 | 150330s2005 su o f 000 0 ara d | ||
| 017 |
_a1426/4627 _bالسعودية . مكتبة الملك فهد |
||
| 020 | _a9960407950 | ||
| 020 | _a0237524007 | ||
| 040 | _aEG-CaGPL | ||
| 082 | 0 | 4 |
_221 _a612 _bط/ج ج |
| 100 | 1 |
_aجانيرى ، انيتا _qانيتا جانيرى |
|
| 245 | 1 | 0 |
_aحرك جسمك / _cانيتا جانيرى ؛ مركز التعريب والترجمة بمكتبة العبيكان |
| 250 | _aط1 | ||
| 260 |
_aالرياض : _bمكتبة العبيكان ، _c2005 |
||
| 300 |
_a23 ص : _bصور لو ؛ _c30 سم |
||
| 490 | 0 | _aجسم الانسان | |
| 650 | 0 | 4 | _aجسم الانسان |
| 650 | 0 | 4 |
_aالاطفال _xتعليم |
| 650 | 0 | 4 | _aالهيكل العظمى |
| 650 | 0 | 4 | _aالحركة |
| 650 | 0 | 4 | _aالعضلات |
| 710 | 2 |
_aمركز التعريب والترجمة بمكتبة العبيكان _eمترجم |
|
| 942 |
_2ddc _cBK |
||
| 999 |
_c60825 _d60825 |
||